[Event "Madrid Magistral 6th"]
[Site "Madrid"]
[Date "1997.05.27"]
[Round "6"]
[White "Salov, Valery"]
[Black "Short, Nigel D"]
[Result "1/2-1/2"]
[WhiteElo "2665"]
[BlackElo "2690"]
[Annotator "Stohl,I"]
[PlyCount "64"]
[EventDate "1997.06.??"]
[EventType "tourn"]
[EventRounds "9"]
[EventCountry "ESP"]
[EventCategory "17"]
[SourceTitle "CBM 059"]
[Source "ChessBase"]
[SourceDate "1997.08.01"]
[SourceVersion "1"]
[SourceVersionDate "1997.08.01"]
[SourceQuality "1"]

1. d4 e6 2. c4 b6 3. a3 {A rather tame move, the most aggressive approach is} (
3. e4 Bb7 4. Bd3 Nc6 (4... Bb4+ $5 5. Bd2 Qe7 6. Nc3 f5 7. Nge2 fxe4 8. Bxe4
Bxe4 9. Nxe4 Nf6 10. N2g3 Nxe4 11. Nxe4 Qh4 12. Ng3 Bd6 13. Qh5+ Qxh5 14. Nxh5
O-O 15. Ng3 Nc6 16. Be3 Nb4 17. Kd2 Bf4 18. Rhc1 Rae8 19. Bxf4 Rxf4 20. Ke3 Rh4
21. h3 d5 22. c5 b5 23. c6 e5 24. a3 Na6 25. dxe5 Rxe5+ 26. Kd3 Rc4 $13 {
Horvath,J-Gulko,B/Nova Gorica op/1997/}) ({Extremely risky for Black is} 4...
f5 $6 5. exf5 Bb4+ 6. Kf1 {so he should look for other alternatives:}) 5. Ne2
Nb4 6. Nbc3 Nxd3+ 7. Qxd3 Ne7 (7... d6 8. O-O Be7 9. d5 Nf6 10. Nd4 Qd7 11. b3
O-O 12. Bb2 c6 13. dxc6 Bxc6 14. Nxc6 Qxc6 15. Rad1 Rfd8 16. Rd2 a6 17. a4 Ne8
18. Rfd1 Bg5 19. Rc2 Rab8 20. h3 h6 21. Ne2 Qb7 22. Bc1 Bxc1 23. Rcxc1 Nf6 24.
Nc3 Rbc8 25. Rc2 $11 {Jelen,I-Grosar,A/Ljubljana/1997/}) 8. O-O d6 (8... g6 9.
Qh3 Bg7 10. Bh6 O-O 11. Bxg7 Kxg7 12. Rad1 d6 13. Nf4 Ng8 14. Qe3 Qe7 15. Rfe1
Rad8 16. e5 Rfe8 17. d5 exd5 18. Ncxd5 Bxd5 19. Nxd5 Qd7 20. Nf6 Nxf6 21. exf6+
Kxf6 22. Qd4+ $40 {Kohlweyer,B-Gulko,B/Geneva op/1997/}) 9. Qh3 Qd7 10. Be3 g6
11. d5 Ba6 12. dxe6 Qxe6 13. Qh4 Bg7 14. b3 O-O 15. Bd4 f6 16. Rad1 Rae8 17.
Rfe1 c5 18. Be3 f5 19. Bh6 Bxh6 20. Qxh6 fxe4 21. Ng3 Nf5 22. Nxf5 Qxf5 23. Qe3
$11 {1/2,Bareev,E-Kengis,E/EU-chT Pula/1997/}) 3... f5 {Black usually plays} (
3... Bb7 4. Nc3 f5 5. d5 Nf6 {The text move can lead to transposition, but
Short has something different on his mind.} 6. g3 Na6 (6... g6 7. Nf3 exd5 8.
cxd5 Bg7 9. Rb1 O-O 10. Bg2 a5 11. O-O Na6 12. b4 axb4 13. axb4 c5 14. dxc6
dxc6 15. Nd4 Qd7 16. Qb3+ Kh8 17. Ne6 Rfe8 18. Nxg7 Kxg7 19. Na4 $16 {Rowson,
J-Cooper,L/Walsall/1997/}) 7. Bg2 Nc5 8. Nh3 Bd6 9. O-O (9. Bf4 e5 10. Be3 a5
11. O-O O-O 12. Nb5 a4 13. Bxc5 bxc5 14. Nc3 h6 15. Nxa4 g5 16. b4 $6 g4 17.
bxc5 gxh3 18. Bxh3 Be7 19. d6 cxd6 20. cxd6 Bxd6 21. Qxd6 Rxa4 22. Bxf5 Qb8 23.
Qd2 Kg7 24. Bxd7 Rxc4 25. Be6 Rd4 $36 {Wagner,C-Hamdouchi,H/Cannes opA/1997/})
(9. Qc2 O-O 10. O-O Qe7 11. Nb5 exd5 12. Nxd6 cxd6 13. b4 Ne6 14. Qxf5 Nd4 15.
Qd3 Nxe2+ 16. Kh1 Nxc1 17. Raxc1 dxc4 18. Qxc4+ d5 19. Qc7 Rab8 20. Rfe1 Qf7
21. Qf4 Qg6 22. Qd4 Rbc8 23. Nf4 Qf7 24. Kg1 g5 25. Nd3 d6 26. h4 h6 27. hxg5
hxg5 28. Qe3 Ne4 $15 {Sheldon,R-Matveeva,S/EU-chTW Pula/1997/}) 9... Be5 10.
Qc2 O-O 11. Be3 Nce4 12. Nxe4 Nxe4 13. Rfd1 Qf6 14. Rab1 exd5 15. cxd5 Rae8 16.
Qb3 Bd6 17. Rbc1 Qf7 18. Bf4 c5 19. Ng5 Qg6 20. Nxe4 fxe4 21. Bxd6 Qxd6 22. Rc2
Kh8 23. Qe3 Qe5 24. Rcd2 d6 $11 {Cramling,P-Gulko,B/Pamplona9697/1997/}) ({
An interesting idea, somewhat similar to the game, is} 3... c5 4. d5 exd5 5.
cxd5 Ba6 $5 6. Nc3 d6 7. g3 g6 8. Qa4+ Qd7 9. Qc2 Bg7 10. Bh3 Qe7 11. Qa4+ Kf8
12. Bf4 Bxc3+ 13. bxc3 Kg7 14. Bg2 Nf6 15. Rd1 $13 {1/2,Farago,I-Barle,J/
Ljubljana/1997/}) 4. Nc3 Nf6 5. d5 (5. g3 c6 (5... Bb7 $142 6. d5 Na6) 6. Bg2
d5 7. Nf3 Be7 8. Bg5 O-O 9. O-O Bb7 10. Rc1 h6 11. Bxf6 Bxf6 12. e3 Nd7 13.
cxd5 exd5 14. b4 a6 15. Ne2 g5 16. Qd3 Bg7 17. a4 Qe7 18. Qb3 a5 19. b5 c5 20.
Nd2 Qf7 21. Qa2 Rab8 22. dxc5 Nxc5 23. Rc2 $14 {Hansen,C-Short,N/EU-ch act Cap
d`Agde/1996/}) 5... Ba6 $5 $146 {A novelty, deserving attention. Although the
B will have to retreat to it's usual square on b7 later, Black manages to
exploit the temporary disharmony in White's camp.} (5... Bb7 {-3...Bb7}) (5...
Bc5 6. g3 O-O 7. Bg2 Bb7 8. e3 a5 9. Nge2 Qe8 10. Qc2 Na6 11. O-O Rb8 12. b3
Ba8 13. Bb2 Qh5 14. Nf4 Qh6 15. Nd3 Bd6 16. Nb5 Be7 17. Rad1 c6 18. dxc6 Bxc6
19. Ne5 Bxg2 20. Kxg2 Rbd8 21. Bd4 Bc5 22. Bxc5 Nxc5 23. b4 axb4 24. axb4 Nce4
25. f3 Ng5 26. Nd6 Qh3+ 27. Kg1 Ra8 $132 {Makarichev,S-Miles,A/Moscow GMA-qual
f/1990/}) 6. b3 (6. Qb3 c5 $5 $13 {[%csl Rb3] ףb3}) 6... g6 7. Bb2 Bg7 8. g3 (
8. Nf3 O-O 9. e3 c6 $13) 8... O-O 9. Bg2 (9. Qc2 $5 {[%cal Yf1g2,Yg1h3] /\Bg2,
Nh3}) 9... Ne4 $1 $132 10. Rc1 Nxc3 11. Bxc3 Bxc3+ 12. Rxc3 Qf6 13. Qd2 Bb7 14.
Nf3 (14. e4 $6 fxe4 15. Bxe4 Qe5 16. f3 Na6 $36 {@}) (14. Nh3 Na6 (14... a5 15.
O-O Na6 16. e4 $14) 15. O-O Nc5 $132) 14... a5 15. O-O Na6 16. Qd4 (16. Nd4
$142 $5 Nc5 (16... e5 17. Nc2 d6 18. b4 $14 {[%csl Ra6] פa6}) 17. b4 axb4 18.
axb4 Ne4 19. Bxe4 fxe4 20. dxe6 dxe6 21. Qe3 Ra2 $13) 16... Rae8 17. dxe6 Rxe6
{Relieving the central tension solved most of Black's problems. His pawn
structure now ressembles a normal Queen's Indian.} 18. Qxf6 Rfxf6 (18... Rexf6
{/\} 19. Ne5 Bxg2 20. Kxg2 Re8 $5 21. Nxd7 Rf7 (21... Rd6 $2 22. Rd3 $1 $16)
22. Rd3 Rxe2 $11) 19. Nd4 Bxg2 20. Kxg2 Rd6 21. e3 Kf8 $1 {Black is patient
and before moving his N he activates his remaining forces.} (21... Nc5 $143 $6
22. Nb5 Rc6 23. Rd1 $36 {[%csl Rc6] צc6}) 22. h4 (22. Rb1 Ke7 23. b4 axb4 24.
axb4 Rf8 (24... Nxb4 $2 25. Nb5 $16) 25. c5 bxc5 26. bxc5 Rd5 27. c6 d6 28. Rb7
Rc8 29. Nb5 Kd8 $11 {[%cal Ya6c5,Yd5c5] /\Nc5,Rc5}) 22... Ke7 23. Rb1 Rf8 24.
Rc2 c6 $1 25. Kf3 (25. b4 axb4 26. axb4 Nc7 (26... Nxb4 $6 27. Rxb4 c5 28.
Nxf5+ $14) 27. c5 bxc5 28. bxc5 Rd5 {[%cal Rc7e6] /\Ne6=}) 25... Nc5 {Short
has defended carefully and with the N finally entering the game White loses
even his slight moral advantage. (More active pieces)} 26. Ke2 Rdf6 27. Nf3 h6
28. b4 axb4 29. axb4 Ne4 30. Ra1 c5 $1 31. bxc5 (31. Rb2 Rc8 $11) 31... bxc5
32. Nd2 g5 $132 (32... Nxd2 $6 33. Rxd2 Rc8 (33... Rb6 34. Ra7 Rd8 35. Rd5 Rc6
36. h5 $16) 34. Ra7 Rd6 35. Rb2 $14) (32... g5 33. hxg5 hxg5 34. Rh1 Ra8 $11)
1/2-1/2

[Event "EU-ch 1st"]
[Site "Saint Vincent"]
[Date "2000.07.10"]
[Round "7"]
[White "Chernin, Alexander"]
[Black "Bunzmann, Dimitrij"]
[Result "1-0"]
[WhiteElo "2572"]
[BlackElo "2484"]
[Annotator "Stohl,I"]
[PlyCount "95"]
[EventDate "2000.07.03"]
[EventType "swiss"]
[EventRounds "11"]
[EventCountry "ITA"]
[SourceTitle "CBM 078"]
[Source "ChessBase"]
[SourceDate "2000.10.18"]
[SourceVersion "1"]
[SourceVersionDate "2000.10.18"]
[SourceQuality "1"]

1. c4 b6 2. d4 e6 (2... Bb7 3. Nc3 e6 4. a3 f5 5. d5 Nf6 6. Nf3 Na6 7. Bg5 Be7
8. e3 {Too solid, here a3 turns out to be just a loss of time.} Nc5 9. Nd4 a5
10. Be2 O-O 11. Bxf6 Bxf6 12. O-O a4 13. Bf3 Qc8 14. Qc2 c6 15. Rad1 g6 16.
Nde2 Ra5 17. Nc1 cxd5 18. cxd5 Ba6 19. Be2 Ne4 20. Bxa6 Rxa6 21. N1e2 Ra5 22.
dxe6 dxe6 $11 {Morovic Fernandez,I-Bauer,C/EU-ch Saint Vincent/2000/}) 3. a3 (
3. e4 {The most principled move.} Bb7 4. Bd3 Bb4+ 5. Bd2 Nc6 6. Nf3 Qf6 7. d5
Bxd2+ 8. Qxd2 Nce7 9. Nc3 a6 10. O-O Qh6 11. Qc2 Nf6 12. e5 Nh5 13. Be4 O-O 14.
dxe6 Bxe4 15. exf7+ Rxf7 16. Qxe4 Raf8 {Dautov,R-Speelman,J/Lippstadt/2000/}
17. Rad1 $5 Rf4 18. Qe3 $16) 3... f5 4. Nc3 (4. g3 $143 Bb7 5. d5 b5 $1 6. b3
Nf6 7. Bg2 bxc4 8. bxc4 Na6 9. Nh3 Bd6 10. O-O O-O 11. Nc3 Nc5 12. Rb1 Rb8 13.
Be3 Ba6 (13... Ng4 $142 {/\} 14. Bxc5 Bxc5 15. Rb5 Bb6 $15) 14. Rxb8 Qxb8 15.
Bxc5 Bxc5 16. Qa4 Qb6 17. Rb1 Qd6 18. Nf4 Bd4 19. dxe6 dxe6 20. Nd3 c5 21. Nb5
Bxb5 22. Rxb5 $14 {Vallejo Pons,F-Bunzmann,D/EU-ch Saint Vincent/2000/}) 4...
Nf6 5. Nh3 Bb7 6. f3 {A rare system. White's strategy is seemingly modest-he
is satisfied with controlling the [+] (e4) and wants to play actively on the
<<. (b4)} Bd6 (6... Nc6 $5 7. e3 g6 8. Be2 (8. g3 $142 Bg7 9. Bg2 O-O 10. b4 {
->Murshed-Short}) 8... Bg7 9. O-O O-O 10. b4 Qe7 11. Re1 Nd8 12. Bb2 Nf7 13.
Bf1 c5 14. bxc5 bxc5 15. Rb1 d6 16. dxc5 dxc5 17. Ba1 Bc6 18. Nf2 Rad8 19. Qc2
Ng5 20. Be2 e5 $11 {Portisch,L-Miles,A/La Valetta olm/1980/}) (6... g6 7. g3 (
7. Nf2 Bg7 8. e4 fxe4 9. fxe4 O-O 10. Bg5 h6 11. Be3 Nc6 12. e5 Nh5 13. Qg4 Ne7
14. Bd3 Qe8 15. O-O Nf5 16. Bd2 d6 17. exd6 cxd6 18. Rae1 Qf7 19. d5 exd5 20.
Nxd5 Bxd5 21. cxd5 Bxb2 22. Re6 Nf6 23. Qc4 Rac8 24. Qb3 $44 {Suba,M-Plaskett,
J/London/1991/}) 7... Bg7 8. Bg2 Nc6 (8... O-O 9. O-O Nc6 10. e4 fxe4 11. fxe4
e5 12. d5 Nd4 13. Ne2 c5 14. Nxd4 cxd4 15. a4 h6 16. b3 d6 17. Nf2 Bc8 18. a5
b5 19. Ba3 $13 {1/2,Bykhovsky,A-Botvinnik,I/Tel Aviv/2000/}) 9. b4 O-O 10. e3
Qe7 11. O-O e5 $6 12. d5 Nd8 13. e4 a5 14. Rb1 d6 15. exf5 gxf5 16. f4 axb4 17.
axb4 Ba6 18. fxe5 Qxe5 19. Nb5 Bxb5 20. cxb5 Ng4 21. Bb2 Qe3+ 22. Kh1 Bxb2 23.
Rxb2 $16 {Murshed,N-Short,N/Dhaka/1999/}) (6... Be7 7. e3 (7. Nf2 O-O 8. e3 Qe8
9. Bd3 Qh5 10. O-O Bd6 11. f4 Qg6 12. d5 Kh8 13. Qf3 exd5 14. cxd5 a5 15. e4
fxe4 16. Nfxe4 Nxe4 17. Bxe4 Qh6 18. Be3 Na6 19. g3 Rae8 20. Rfe1 Re7 21. Bf2
Qf6 22. Rad1 {Thorsteinsson,T-Vidarsson,J/Arborg/1998/} Rfe8 $13) 7... O-O 8.
Be2 a5 9. O-O Na6 10. b3 Qe8 11. Nf4 Qf7 12. Bb2 d5 $2 13. cxd5 Nxd5 14. Ncxd5
exd5 15. e4 $1 c6 16. exd5 cxd5 17. Nd3 Bd6 18. Ne5 Bxe5 19. dxe5 Nc5 20. Bd4
Ba6 21. b4 Bxe2 22. Qxe2 axb4 23. axb4 Rxa1 24. Rxa1 Nb3 25. Rd1 Nxd4 26. Rxd4
Qe6 27. f4 $16 {Murshed,N-King,D/Dhaka/1993/}) 7. e3 Nh5 {White anyway wants
to fianchetto his Bf1 (see above) and this N will be forced back.} (7... O-O
$142 8. Bd3 Ng4 $5 9. Nf4 e5 10. fxg4 exf4 11. O-O f3 12. Rxf3 $1 Bxf3 13. Qxf3
fxg4 14. Qxg4 Qf6 15. Ne4 Qh6 16. h4 Nc6 17. Ng5 Qf6 18. Bd2 Qf2+ 19. Kh1 $44 {
Bozinovic,B-Bunzmann,D/Biel op/2000/}) 8. g3 O-O 9. Bg2 Nc6 10. f4 Nf6 11. b4
Qc8 12. O-O a5 13. b5 Ne7 14. Nf2 Bxg2 15. Kxg2 c6 16. Qf3 $36 {[%mdl 4] ()<<
White has realized his plan and has a comfortable position.} Bc7 (16... c5 17.
Na4 $14) 17. a4 (17. Bb2 $5) 17... Bd6 $1 {[%csl Rb4] ><b4} 18. Bb2 Bb4 19.
Rac1 c5 (19... Qc7 $5) 20. Ne2 d5 21. dxc5 Ne4 (21... Bxc5 22. Nd4 $14) 22.
Nxe4 fxe4 $6 (22... dxe4 $142 23. Qf2 Bxc5 24. Nd4 Rd8 25. Rfd1 Ra7 $13) 23.
Qf2 bxc5 (23... Bxc5 24. cxd5 exd5 25. Nd4 Nf5 26. Ba3 $16) 24. g4 $1 Qe8 25.
cxd5 Nxd5 (25... exd5 26. f5 $16 {[%cal Re2f4,Rf4e6] /\Nf4-e6->}) 26. Ng3 {
[%csl Re4] ><e4} Qg6 27. Qe2 Rad8 28. Kh1 $1 (28. Rc4 Nf6 {/\} 29. Bxf6 Rd2 $13
) 28... Nf6 29. Bxf6 Rxf6 (29... gxf6 30. f5 $16) 30. Rfd1 Rff8 31. Rc4 Rd5 32.
Rxe4 Rfd8 33. Rxd5 exd5 (33... Rxd5 34. f5 exf5 35. Nxf5 $18) 34. Re7 Qb1+ 35.
Kg2 c4 (35... Qb3 36. Nf5 Bc3 37. Rc7 $16) 36. Rc7 Bd6 (36... c3 $2 37. Nf5 Qb2
38. Kf2 $18) 37. Rc6 Qb4 38. Qc2 (38. Qd1 $18) 38... Bf8 (38... g6 39. f5 $40)
39. Nf5 Re8 40. Qd1 Qb2+ (40... Rd8 41. Qd4 $18) 41. Kg3 Rd8 42. Qd4 $18 Qe2 $6
(42... Qxd4 43. Nxd4 $18) 43. Rc7 {->} Qe1+ 44. Kh3 Kh8 45. Rf7 (45. Rxg7 $18)
45... Qf1+ 46. Kh4 Qe1+ 47. Kh5 Qh1 (47... Qb4 48. Rxg7 $18) 48. Rxf8+ 1-0

[Event "FIDE World Cup-A"]
[Site "Shenyang"]
[Date "2000.09.01"]
[Round "1"]
[White "Dreev, Alexey"]
[Black "Morozevich, Alexander"]
[Result "1/2-1/2"]
[WhiteElo "2676"]
[BlackElo "2756"]
[Annotator "Stohl,I"]
[PlyCount "91"]
[EventDate "2000.09.01"]
[EventType "tourn"]
[EventRounds "5"]
[EventCountry "CHN"]
[EventCategory "17"]
[SourceTitle "CBM 079"]
[Source "ChessBase"]
[SourceDate "2000.11.21"]
[SourceVersion "1"]
[SourceVersionDate "2000.11.21"]
[SourceQuality "1"]

1. d4 e6 2. c4 b6 3. a3 f5 4. Nc3 Nf6 5. Nf3 {In this line White usually
postpones the development of the Ng1, as often Nh3-f4 can be effective. Even
here Morozevich used an interesting concept, transposing the game into a
Steonewall:} (5. g3 c6 $5 6. d5 $5 (6. Bg2 d5 7. cxd5 cxd5 8. Bf4 Bd6 9. Bxd6
Qxd6 10. Rc1 Nc6 11. Nf3 O-O 12. O-O Bb7 13. e3 Rac8 14. Ne2 Rc7 15. Nf4 Rfc8
16. Rc2 Ba6 17. Re1 Bb5 $1 18. b3 Ne7 19. Rxc7 Rxc7 20. Qb1 Qxa3 21. Nxe6 Rc3
22. Nd2 Ne4 23. Bxe4 dxe4 $17 {Rogozenko,D-Morozevich,A/BL 0001/2000/}) 6...
Ba6 7. e3 Bd6 8. Nf3 O-O 9. dxe6 dxe6 10. b3 Qe7 11. Bb2 Bb7 12. Bg2 Nbd7 13.
O-O Rad8 14. Qc2 c5 15. Nh4 Bxg2 16. Nxg2 Ne5 17. f4 Nc6 18. Rae1 Bb8 19. Nh4
Qd7 20. Rd1 Qe7 21. Nf3 Rxd1 22. Nxd1 Rd8 23. Nf2 h6 24. Re1 Qf7 25. e4 $36 {
Sasikiran,K-Rahman,Z/Guntur/2000/}) 5... Ba6 $5 6. b3 (6. e3 Be7 (6... c6 $142
$5) 7. Bd3 Bb7 8. Qc2 O-O 9. Bd2 c5 10. d5 $5 exd5 11. cxd5 g6 12. Bc4 Kh8 13.
Qd3 d6 14. Ng5 Bc8 15. O-O h6 16. Ne6 Bxe6 17. dxe6 Nc6 18. f4 Na5 19. Bd5 c4
$5 20. Bxc4 Nxc4 21. Qxc4 d5 22. Qd3 Bc5 23. b4 Be7 24. Nb5 a6 25. Nd4 Ne4 26.
Rac1 Rc8 27. Bc3 $14 {Piven,I-Lada,I/Werfen op/1996/}) 6... Be7 $146 (6... g6
7. g3 Bg7 8. Bg2 O-O 9. O-O c6 10. a4 d5 11. Ba3 Re8 12. cxd5 exd5 13. Ne5 c5
14. f4 Ne4 15. Rc1 cxd4 16. Nb5 Bxb5 17. axb5 Nd7 18. Nc6 Qf6 19. Bb2 Qf7 $13 {
1/2,Novikov,I-Shabalov,A/Philadelphia/1999/}) 7. d5 O-O 8. Bb2 Bb7 9. g3 (9.
Nd4 $6 exd5 10. Nxf5 dxc4 11. bxc4 Bc5 $32 {|^}) 9... Ne4 10. Bg2 Bf6 11. Nd4
Nxc3 12. Bxc3 g6 $5 {/\e5} (12... c5 13. Nb5 (13. dxc6 $5 Nxc6 14. O-O $14 {/\}
Nxd4 15. Bxb7 Nxe2+ 16. Qxe2 Bxc3 17. Rad1 Rb8 18. Bc6 $36) 13... d6 (13...
Bxc3+ 14. Nxc3 $36) 14. O-O Bxc3 15. Nxc3 e5 16. f4 Nd7 17. e4 $14) 13. b4 (13.
O-O e5 14. Nf3 d6 $11) 13... e5 14. Nb3 e4 (14... d6 15. c5 $1 $36) 15. Bxf6
Qxf6 16. O-O d6 17. f3 (17. Nd4 Nd7 18. Ne6 Rf7 $1 {[%cal Yd7f8,Yd7e5,Yb7c8] /
\Nf8,Ne5,Bc8<=>} 19. Nxc7 $6 Rc8 20. Ne6 (20. Nb5 a6 $15) 20... Rxc4 $36) 17...
exf3 18. exf3 (18. Bxf3 Nd7 19. e4 fxe4 20. Bxe4 Qb2 $132) 18... c5 $1 (18...
Nd7 19. f4 $14 {/+/-,()}) 19. dxc6 (19. bxc5 dxc5 $5 20. f4 Nd7 $11 {[%csl Rb3]
פb3}) 19... Nxc6 20. f4 Rae8 21. Qd2 Nd8 22. Bxb7 Nxb7 23. Rfe1 Nd8 24. Qd5+ {
The Q is needed to maintain the control over the e-file.} (24. Rad1 $142 Nf7
25. Nd4 $14) 24... Kg7 25. Nd4 Re7 $5 26. Rxe7+ Qxe7 $132 27. Nf3 Qe3+ 28. Kf1
(28. Kg2 Nf7 29. Kh3 $5 $13) 28... Nf7 29. Qd4+ (29. Re1 $5 Qxa3 30. Nd4 Qd3+
31. Kg1 Kg8 32. b5 Rc8 33. Nc6 Qxd5 34. cxd5 $44) 29... Qxd4 30. Nxd4 Rc8 31.
Rc1 Kf6 32. Ke2 d5 $1 $11 33. c5 Nd6 34. c6 Re8+ 35. Kd3 Ke7 36. Re1+ (36. b5
Kd8 $11) 36... Ne4 37. Nb5 Rc8 38. Nxa7 $6 (38. Nd4 $142) 38... Rc7 39. Nb5
Rxc6 40. Re2 Rc1 $36 41. Rc2 Rd1+ 42. Ke2 Rh1 43. Ke3 Re1+ 44. Kd4 Rd1+ 45. Ke3
Nd6 46. a4 $1 (46. Nxd6 Kxd6 $15) (46. a4 Nc4+ (46... Nxb5 47. axb5 $14) 47.
Ke2 Rh1 48. Kd3 Rd1+ 49. Ke2 (49. Kc3 Ra1) 49... Rh1 $11) 1/2-1/2

[Event "Bad Homburg"]
[Site "Bad Homburg"]
[Date "1996.??.??"]
[Round "8"]
[White "Hug, Werner"]
[Black "Polgar, Sofia"]
[Result "1-0"]
[WhiteElo "2445"]
[BlackElo "2480"]
[Annotator "Tsesarsky,I"]
[PlyCount "41"]
[EventDate "1996.07.20"]
[EventType "tourn"]
[EventRounds "9"]
[EventCountry "GER"]
[EventCategory "12"]
[SourceTitle "CBM 055"]
[Source "ChessBase"]
[SourceDate "1996.12.01"]
[SourceVersion "1"]
[SourceVersionDate "1996.12.01"]
[SourceQuality "1"]

1. Nf3 {Dautov} f5 2. d4 Nf6 3. c4 g6 4. Nc3 Bg7 5. e3 O-O 6. Be2 d6 7. O-O (7.
b4 {Dautov} e5 (7... c5 $5) 8. dxe5 dxe5 9. Qb3 Kh8 (9... e4 10. Nd4 c6 11. O-O
Re8 (11... Qe7 $142) 12. a4 Nbd7 13. Rd1 Qe7 {Chekhov-Malaniuk/Palma de
Mallorca/1989} 14. a5 $1 Ne5 15. a6 bxa6 16. c5+ $14 {Chekhov,Inf.48/134}) 10.
Bb2 Qe7 11. Nd5 Nxd5 12. cxd5 $14 {Chekhov-Djurhuus/Gausdal/1991}) 7... Qe8 (
7... Nc6 $1 8. d5 Ne5 9. Nxe5 dxe5 $10) (7... c6 {/\} 8. b4 e5) 8. b4 (8. Qc2
e5 9. dxe5 dxe5 10. b3 Na6 (10... c6 11. Ba3 Rf7 12. Bd6 Nfd7 13. c5 Kh8 14. e4
Nf8 15. Bc4 Be6 16. Nxe5 Bxc4 17. Nxc4 fxe4 18. Rae1 Qe6 19. Nxe4 Qf5 20. Bxb8
Rxb8 21. Ncd6 Qd7 22. Nxf7+ Qxf7 23. Nd6 Qd7 24. Qc4 b5 25. Nf7+ {1-0 Gaus,
W-Lindenmaier,R/OLWuert 9091 (1990) ;GER 01 1991}) 11. Ba3 c5 12. Rad1 e4 13.
Nd2 Bd7 14. Nd5 Nxd5 15. cxd5 b5 16. Nb1 Qe5 17. Rd2 Rfc8 18. Bb2 Qxb2 19. Qxb2
Bxb2 20. Rxb2 Nc7 21. Rd2 Ne8 22. Rc1 $14 {1-0 Meister,P-Heidrich,M/BL 8788 
(1988) ;BL 80 1988 (37)}) (8. b3 e5 9. dxe5 dxe5 10. Ba3 (10. Qc2 c6 11. Rd1 e4
12. Nd4 Nbd7 13. Ba3 Rf7 14. b4 Bf8 15. Qb3 Ne5 16. c5 Bh6 17. Bc4 Nxc4 18.
Qxc4 Ng4 19. Qe2 Qe5 20. g3 g5 21. Bb2 Qc7 22. Rd2 Bd7 23. Qc4 Re8 24. Re2 Bg7
$15 {0-1 Richter,Mi-Hetey,L/Budapest FS07 IM-A ;EXT 95 1995 (41)}) 10... Rf7
11. Ng5 Rd7 12. Qc2 h6 13. Nh3 Nc6 14. Rad1 Rxd1 15. Rxd1 Be6 16. Kh1 Qf7 17.
Nd5 Kh8 18. Nxf6 Qxf6 19. Bb2 Qe7 20. Bc3 Rf8 21. Ng1 e4 $15 {0-1 Simon,R-Mohr,
S/Zuerich op (04) ;EXT 88op 1988 (53)}) 8... e5 9. dxe5 dxe5 10. Nd5 (10. Qb3
$5) 10... Rf7 (10... Nxd5 11. Qxd5+ (11. cxd5 e4 12. Nd4 Qf7 13. Bc4 Nc6 $15)
11... Qf7 (11... Kh8 12. Bb2 e4 (12... Nc6 $6 13. b5 Ne7 14. Qc5 e4 15. Bxg7+
Kxg7 16. Nd4 $16) 13. Bxg7+ Kxg7 14. Nd4 c6 15. Qd6 Rf6 16. Qg3 $14) 12. Bb2
Qxd5 13. cxd5 e4 14. Nd4 Be5 $5 (14... Rd8 $2 15. Rac1 c6 16. dxc6 bxc6 (16...
Nxc6 17. Nxc6 bxc6 18. Bxg7 Kxg7 19. Rxc6 $14) 17. Bc4+) (14... a5 15. b5 a4
$132) (14... c6 15. Bc4 $14)) 11. Bb2 c6 (11... Nxd5 12. Qxd5 c6 13. Qd2 $132)
12. Nxf6+ Bxf6 13. c5 (13. Qd6 Nd7 $10 (13... Nd7 14. c5 $2 e4 15. Nd4 Be5 $19)
) 13... e4 (13... Kh8 $2 14. Bxe5 Bxe5 15. Nxe5 Qxe5 16. Qd8+ Kg7 17. Qxc8 $16)
(13... a5 $2 14. Qd6 $1 $16 {/\Bc4,/\Ne5}) (13... Kg7 $142 $14 {/\Nd7}) 14. Nd4
Kg7 (14... Be6 $2 {[%cal Ge6d5]} 15. Nxe6 Bxb2 (15... Qxe6 16. Bxf6 Rxf6 17.
Qd8+ (17. Qd4 $16) 17... Rf8 18. Qd4 Qf6 19. Rfd1 $16 {פb8}) 16. Ng5 $1 Bxa1
$8 17. Bc4 $18) 15. Bc4 Re7 $8 16. Qb3 {/^a1-h8,/^a2-g8,@} g5 $2 {[%csl Re6,
Rf5][%cal Rc4g8,Rb3c4,Yd4e6,Yd4f5]} (16... b5 17. Be2 (17. cxb6 axb6 18. a4
Rea7 19. Rfd1 $14) 17... Qf7 18. Rfd1 a5 19. Qxf7+ Rxf7 20. a4 $13) 17. f3 {
[%cal Yf1f8]} f4 $2 (17... Qg6 18. fxe4 Rxe4 (18... fxe4 19. Rxf6 $1 $18) 19.
Nxf5+ $1 (19. Bd3 $6 Rxe3 20. Rad1 (20. Qc2 Rxd3 (20... Kh8 21. Nxf5 Bxf5 22.
Rxf5) 21. Qxd3 f4 22. Qxg6+ Kxg6 $14) 20... Na6 21. Nxf5+ Bxf5 22. Bxf6+ Qxf6
23. Rxf5 Qxf5 24. Bxf5 Rxb3 25. axb3 $14) 19... Bxf5 20. Rxf5 Qxf5 21. Rf1
Qxf1+ 22. Kxf1 $16 Nd7 $8 23. Qd3 Re7 24. Qf5 h6 $8 (24... Ne5 $6 25. Bd3 Rh8 (
25... Rf7 26. Ke2 $18) 26. Ke2 $18) 25. Bxf6+ Nxf6 26. Ke2 $1 (26. Bd3 $2 Ne4
$1 27. Ke1 Rf8 28. Qg4 Nf6 29. Qd4 Rfe8 30. Kf2 (30. Kd2 $2 Rd7 $19) (30. Ke2
Rxe3+ 31. Kd2 $10 (31. Qxe3 Rxe3+ 32. Kxe3 Nd5+ $17)) 30... Rxe3 $10) 26...
Rae8 27. Bd3 Rxe3+ 28. Kd1 Ne4 29. Qd7+ Kf8 30. Kc2 (30. Bxe4 R3xe4 31. Qxb7
Re1+ 32. Kc2 R1e2+ $10) 30... Re7 31. Qd4 $16) (17... exf3 18. Rxf3 Qg6 19.
Raf1 $18) 18. exf4 $18 gxf4 19. Ne2 e3 (19... b5 $6 20. cxb6 axb6 21. Bxf6+
Kxf6 22. Qc3+ Re5 23. fxe4 $18) (19... Nd7 20. fxe4 Rxe4 21. Nxf4 Bxb2 22.
Qxb2+ Qe5 23. Ne6+ Kg6 24. Qf2 Nf6 25. Nf4+ $40 {+-}) 20. Bxf6+ Kxf6 21. Qc3+ (
21. Qc3+ Re5 (21... Kg5 22. h4+ Kf5 23. Nxf4 $18) 22. Nxf4 Bf5 23. Nh5+ $18
Qxh5 24. f4 $18) 1-0